Cuộc đại lạm phát và những hệ lụy = The great inflation and its aftermath : Sự thinh vượng của nước Mỹ - Quá khứ và tương lai = the past and future of American affluence

Tác phẩm truy tìm căn nguyên của thời kỳ lạm phát bùng nổ lên mức hai chữ số, sự sụt giảm tiếp theo của lạm phát trong giai đoạn suy thoái 181 -1982 do quyết tâm và đường lối của Cục Dự trữ Liên bang (FED), với sự hậu thuẫn mạnh mẽ từ Tổ...

Popoln opis

Shranjeno v:
Bibliografske podrobnosti
Glavni avtor: Samuelson, Robert J .
Format: Knjiga
Jezik:Undetermined
Izdano: Thành phố Hồ Chí Minh Trẻ 2010
Teme:
Oznake: Označite
Brez oznak, prvi označite!
Thư viện lưu trữ: Trung tâm Học liệu Trường Đại học Cần Thơ
LEADER 01284nam a2200229Ia 4500
001 CTU_158520
008 210402s9999 xx 000 0 und d
020 |c 88000 
082 |a 332.410973 
082 |b S193 
100 |a Samuelson, Robert J . 
245 0 |a Cuộc đại lạm phát và những hệ lụy = 
245 4 |b The great inflation and its aftermath : Sự thinh vượng của nước Mỹ - Quá khứ và tương lai = the past and future of American affluence 
245 0 |c Robert J. Samuelson ; Nguyễn Dương Hiếu, Đặng Nguyễn Hiếu Trung, Nguyễn Trường Phú dịch 
260 |a Thành phố Hồ Chí Minh 
260 |b Trẻ 
260 |c 2010 
520 |a Tác phẩm truy tìm căn nguyên của thời kỳ lạm phát bùng nổ lên mức hai chữ số, sự sụt giảm tiếp theo của lạm phát trong giai đoạn suy thoái 181 -1982 do quyết tâm và đường lối của Cục Dự trữ Liên bang (FED), với sự hậu thuẫn mạnh mẽ từ Tổng thống Reagan. 
650 |a Inflation (Finance) 
650 |z United States 
904 |i Bạch Trúc 
980 |a Trung tâm Học liệu Trường Đại học Cần Thơ